书目信息 |
| 题名: |
史前期中国社会研究(外一种)
|
|
| 作者: | 吕振羽 | |
| 分册: | 下 | |
| 出版信息: | 石家庄 河北教育出版社 |
|
| 页数: | 713 | |
| 开本: | 32 | |
| 丛书名: | 二十世纪中国史学名著 | |
| 单 册: | ||
| 中图分类: | K210.7 | |
| 科图分类: | ||
| 主题词: | ||
| 电子资源: | ||
| ISBN: | ||
| 000 | 00579nam0 2200181 450 | |
| 001 | 1755686964 | |
| 005 | 20170502163826.79 | |
| 100 | @a20170502d km y0chiy0120 ea | |
| 101 | 0 | @achi |
| 200 | 1 | @a史前期中国社会研究(外一种)@Ashi qian qi zhong guo she hui yan jiu(wai yi zhong)@h下@f吕振羽@Flu zhen yu |
| 210 | @a石家庄@c河北教育出版社 | |
| 215 | @a713@d32 | |
| 225 | 2 | @a二十世纪中国史学名著 |
| 410 | 0 | @12001 @a二十世纪中国史学名著 |
| 690 | @aK210.7@v4 | |
| 701 | 0 | @a吕振羽@Alu zhen yu |
| 801 | 0 | @aCN@b大连网信软件有限公司图书馆·11@c20170502 |
| 905 | @b1050549@dK210.7@e20:2@f1 | |
| 史前期中国社会研究(外一种).下/吕振羽.-石家庄:河北教育出版社 |
| 713;32.-(二十世纪中国史学名著) |
| ISBN : |
| ● |
| 相关链接 |
|
|
|
|
正题名:史前期中国社会研究(外一种)
索取号:K210.7/20:2
 
预约/预借
| 序号 | 登录号 | 条形码 | 馆藏地/架位号 | 状态 | 备注 |
| 1 | 1050549 | 210505498 | 王士立赠书/ [索取号:K210.7/20:2] | 在馆 |